<?xml version="1.0" encoding="UTF-8"?>
<record
    xmlns:xsi="http://www.w3.org/2001/XMLSchema-instance"
    xsi:schemaLocation="http://www.loc.gov/MARC21/slim http://www.loc.gov/standards/marcxml/schema/MARC21slim.xsd"
    xmlns="http://www.loc.gov/MARC21/slim">

  <leader>01100naa a2200241 i 4500</leader>
  <controlfield tag="001">BPP</controlfield>
  <controlfield tag="003">BPK</controlfield>
  <controlfield tag="005">20190610114324.0</controlfield>
  <controlfield tag="008">150112s1991    pl     f     |100 0 pol</controlfield>
  <datafield tag="040" ind1=" " ind2=" ">
    <subfield code="c">BPK</subfield>
  </datafield>
  <datafield tag="080" ind1=" " ind2=" ">
    <subfield code="a">621.791/.795</subfield>
  </datafield>
  <datafield tag="100" ind1=" " ind2=" ">
    <subfield code="a">CIENKOWSKI, Wies&#x142;aw.</subfield>
    <subfield code="d">1986 - 1995.</subfield>
    <subfield code="b">Wy&#x17C;sza Szko&#x142;a In&#x17C;ynierska - Wydzia&#x142; Mechaniczny,</subfield>
    <subfield code="c">Zak&#x142;ad Maszyn i Urz&#x105;dze&#x144; Rolniczych</subfield>
  </datafield>
  <datafield tag="245" ind1=" " ind2=" ">
    <subfield code="a">Wp&#x142;yw parametr&#xF3;w chropowato&#x15B;ci i granulacji proszku na przyczepno&#x15B;&#x107; pow&#x142;ok nak&#x142;adanych metod&#x105; natrysku plazmowego /</subfield>
    <subfield code="c">Wies&#x142;aw Cienkowski.</subfield>
  </datafield>
  <datafield tag="260" ind1=" " ind2=" ">
    <subfield code="c">1991.</subfield>
  </datafield>
  <datafield tag="500" ind1=" " ind2=" ">
    <subfield code="a">Dane z kartoteki bpp.</subfield>
  </datafield>
  <datafield tag="650" ind1=" " ind2=" ">
    <subfield code="a">Natryskiwanie plazmowe.</subfield>
  </datafield>
  <datafield tag="650" ind1=" " ind2="0">
    <subfield code="a">Pow&#x142;oki ochronne.</subfield>
  </datafield>
  <datafield tag="655" ind1=" " ind2="0">
    <subfield code="a">Materia&#x142;y konferencyjne.</subfield>
  </datafield>
  <datafield tag="650" ind1=" " ind2="0">
    <subfield code="a">In&#x17C;ynieria powierzchni</subfield>
  </datafield>
  <datafield tag="711" ind1=" " ind2=" ">
    <subfield code="a">Sympozjum im. prof. Cz. Kanafojskiego nt. Problemy budowy i eksploatacji maszyn i urz&#x105;dze&#x144; rolniczych</subfield>
    <subfield code="n">(5 ;</subfield>
    <subfield code="d">1991.09.23-24 ;</subfield>
    <subfield code="c">P&#x142;ock, Polska).</subfield>
  </datafield>
  <datafield tag="773" ind1=" " ind2=" ">
    <subfield code="i">W :</subfield>
    <subfield code="t">Problemy budowy i eksploatacji maszyn i urz&#x105;dze&#x144; rolniczych. -</subfield>
    <subfield code="d">Warszawa : Politechnika Warszawska, 1991. -</subfield>
    <subfield code="g">s. 433-436</subfield>
  </datafield>
  <datafield tag="942" ind1=" " ind2=" ">
    <subfield code="c">ART</subfield>
    <subfield code="2">UKD</subfield>
  </datafield>
  <datafield tag="999" ind1=" " ind2=" ">
    <subfield code="c">5271</subfield>
    <subfield code="d">5271</subfield>
  </datafield>
</record>
